| 000 | 02660cam a22005294i 4500 | ||
|---|---|---|---|
| 003 | PE-LiUPU | ||
| 005 | 20250731173034.0 | ||
| 008 | 171015s2017 ag rb 000 0 spa d | ||
| 020 | _a9877016133 | ||
| 020 | _a9789877016130 | ||
| 035 | _a(Sirsi) a239756 | ||
| 040 |
_aPE-LiUPU _bspa _cPE-LiUPU _erda |
||
| 049 | _aPRUA | ||
| 082 | 0 | 4 |
_a232 _bW53 2017 |
| 100 | 1 |
_aWheeler, Joel L., _eautor. |
|
| 245 | 1 | 0 |
_aHistorias con ángeles/ _cJoel L. Wheeler. |
| 250 | _aPrimera edición. | ||
| 264 | 1 |
_aBuenos Aires, Argentina : _bBoise, _c2017. |
|
| 300 |
_a262 páginas : _bilustraciones ; _c21 centímetros |
||
| 336 |
_atext _2rdacontent |
||
| 337 |
_aunmediated _2rdamedia |
||
| 338 |
_avolume _2rdacarrier |
||
| 505 | 0 | _aEl punto de inflexion -- leña y velas -- un ángel en la oscuridad -- el maestro controla las luces -- ángeles guardianes -- colgado de los dedos -- a través de la tormenta -- un ángel caminó conmigo -- el telegrama que salvo mi tren -- cuando los ángeles anduvieron en caballo -- el toque de las manos angélicas -- la oración y el terror nocturno -- a sus angeles mandara acaerca de ti -- la mano en el timón -- ¡corre! -- mil millas de milagros -- el poder de una canción -- los ángeles de chortiza -- la targeta de visita -- apoyo -- la noche intranquila de un monarca -- tormenta de nieve -- providencia en revolución -- omnipresencia -- deberíamos estar muertos -- el mar a mis espaldas -- fe -- ¡deten el barco! -- "Dios cuidará de ti" -- el pasajero misterioso del tren -- el deseo de maximiliano -- ¡corramos a contarlos a nuestros amigos!. | |
| 526 | _aSEG42 | ||
| 526 | _aSEG41 | ||
| 526 | _aSEG40 | ||
| 526 | _aSEG39 | ||
| 526 | _aP94 | ||
| 526 | _aP87 | ||
| 526 | _aP86 | ||
| 526 | _aP85 | ||
| 526 | _aP77 | ||
| 526 | _aP76 | ||
| 526 | _aP35 | ||
| 650 | 0 | 4 | _aÁngeles. |
| 650 | 0 | 4 | _aCristianismo. |
| 910 |
_ajgg _d20171010 |
||
| 910 |
_adbm _bksl _cksl _d20190325 |
||
| 942 |
_2ddc _cBOOK |
||
| 949 |
_a232 W53 _wDEWEY _c1 _iFT03327 _lCCODEBUT1 _mBUT _p21.02 _r0 _sY _tBOOK _u2017-10-15 _xCRAI _0COMPRA _o.STAFF. Colección General |
||
| 994 |
_aC0 _bPEPRU |
||
| 596 | _a1 2 | ||
| 999 |
_aW232 HA 2017 _wATDEWEY _c25436 _iFT03327 _f2019-2-20 _g2 _lCCODEBUT1 _mBUT _p21.02 _r0 _sY _tBOOK _u2017-10-15 _xBIBLIOTECA _zUNKNOWN _0COMPRA _o.STAFF. Colección General _d25436 |
||
| 999 |
_aW232 HA 2017 _wDEWEY _c1 _i80061 _f2021-11-9 _g3 _lCCODEBUL1 _mBUL _p21.02 _r0 _sY _tBOOK _u2019-3-25 _xTEOLOGIA _PP35 _0COMPRA _o.STAFF. Colección Teología |
||
| 980 |
_81 _gALBERTO SANCHEZ Responsable de Automatización |
||